Statistics for MLB Baseball Team Logos

Click here to take the quiz!

General Stats

  • This quiz has been taken 24,649 times
  • The average score is 24 of 30

Answer Stats

Answer % Correct
Boston Red Sox
95%
Chicago Cubs
95%
Toronto Blue Jays
94%
Los Angeles Angels
92%
New York Yankees
91%
Pittsburgh Pirates
91%
Baltimore Orioles
90%
St. Louis Cardinals
90%
Miami Marlins
89%
Detroit Tigers
88%
Kansas City Royals
86%
New York Mets
85%
Seattle Mariners
83%
Colorado Rockies
83%
San Diego Padres
82%
Chicago White Sox
81%
Washington Nationals
80%
Houston Astros
78%
Cincinnati Reds
78%
Milwaukee Brewers
77%
Arizona Diamondbacks
76%
Texas Rangers
76%
Oakland Athletics
76%
Atlanta Braves
76%
Philadelphia Phillies
73%
Cleveland Indians
70%
Tampa Bay Rays
66%
Los Angeles Dodgers
65%
San Francisco Giants
62%
Minnesota Twins
61%

Score Distribution

Percentile by Number Answered

Percent of People with Each Score

Your Score History

You have not taken this quiz